000 00711cam a2200205 4500
001 WB3607-03
008 000000n2000 000 0 eng u
035 _a(Sirsi) u104164
245 _aMajor contractors plan e-commerce revolution
260 _c2000
490 _aBuilding
_v 265(8123) 11 February 2000, 11(1)
520 _aFive leading contractors have proposed to set-up the first construction industry-wide e-commerce project. The initiative aims to create an electronic marketplace for contractors and suppliers.
590 _aWB
650 _aE-COMMERCE
650 _aON-LINE SERVICES
650 _aCONSTRUCTION INDUSTRY
650 _aCONTRACTORS
690 _aBUILT ENVIRONMENT
942 _n0
999 _c62515
_d62515